| 000 | 00839cam a2200265 4500 | ||
|---|---|---|---|
| 001 | D1928 | ||
| 008 | 090401t1983 xxu||||| |||| 00| 0 eng d | ||
| 035 | _a(Sirsi) u66527 | ||
| 041 | _aeng | ||
| 050 | _a690.25 | ||
| 110 | _aBuilding Research Establishment | ||
| 245 | _aExternal masonary walls insulated with mineral fiber cavity-width batts: resisting rain penetration. | ||
| 260 |
_aGarston, Watford _bBRE _c1983 |
||
| 300 | _a1 sheet : ill. ; 30cm. | ||
| 350 | _a0 | ||
| 490 |
_aDefect Action Sheet _v17 (Site) |
||
| 490 |
_aDAS _v17 |
||
| 650 | _aEXTERNAL MASONRY | ||
| 650 | _aBUILT ENVIRONMENT-BUILDING ELEMENTS-COMPLETE BUILDING ELEMENTS-WALLS-EXTERNAL WALLS | ||
| 650 | _aINSULATION | ||
| 650 | _aWATER PENETRATION | ||
| 690 | _aBUILDING AND CONSTRUCTION-DEFECTS AND FAILURES | ||
| 942 | _n0 | ||
| 948 | _c04/03/1997 | ||
| 999 |
_c94889 _d94889 |
||